000 00812nam a2200265 i 4500
001 16353
003 ES-MaACL
005 20250823062241.0
007 t|
008 000831s1997 mx e |||| |dspa d
020 _a968864093X
040 _cES-MaACL
080 _a014.5 Cervantes Saavedra, Miguel de
100 1 _aAvalle-Arce, Juan Bautista
_923989
_eaut
245 1 0 _aEnciclopedia cervantina /
_cJuan Bautista de Avalle-Arce.
250 _a2ª ed.
260 _aGuanajuato :
_bUniversidad,
_c1997
300 _a501 páginas ;
_c24 cm.
600 1 7 _aCervantes Saavedra, Miguel de,
_d1547-1616-
_vDiccionarios
_9166859
655 0 _aDiccionarios
_9193753
852 _aES-MaACL
_jL-23460
_cDEPO2
942 _cMONOGRAFIA
_n0
999 _c16353
_d16353